The search for wondla

Bibliographic Details
Main Author: Diterlizzi, Tony
Format: Book
Published: London : Simon & Schuster UK Ltd. , 2010
Subjects:

MARC

LEADER 00000cam a2200000 7i4500
001 0000148708
005 20110505.0
020 |a 9781847389664 
090 0 0 |a F   |b DIT 
100 1 |a Diterlizzi, Tony 
245 1 4 |a The search for wondla   |c Tony Diterlizzi 
260 |a London :   |b Simon & Schuster UK Ltd. ,   |c 2010 
300 |a 477p. ;   |c 21.5cm. 
650 0 0 |a Fiction 
999 |a 00250289   |b BUKU   |c PINJAMAN   |e PERPUSTAKAAN KOMUNITI PETALING JAYA